000 00363nam a2200121Ia 4500
008 151021s9999 xx 000 0 und d
050 _aPL 8704 .M58K5 1986
245 _a_Kisa cha Mrina Asali na Wenzake wawili / Mathias Mnyampala
260 _aNairobi : K L B, 1986
300 _aii, 67 p.
500 _aIncludes index
980 _a^d20110421 01:23:39^okilerai
999 _c7119
_d7119